SURGERY OF THE EAR (Record no. 14974)

MARC details
000 -LEADER
fixed length control field 00258nam a22001217a 4500
003 - CONTROL NUMBER IDENTIFIER
control field SGT
082 ## - DEWEY DECIMAL CLASSIFICATION NUMBER
Classification number 617.51
Item number S90G
100 ## - MAIN ENTRY--PERSONAL NAME
Personal name GLASSCOCK, MICHAEL E.
245 ## - TITLE STATEMENT
Title SURGERY OF THE EAR
260 ## - PUBLICATION, DISTRIBUTION, ETC. (IMPRINT)
Place of publication, distribution, etc ASIA
Name of publisher, distributor, etc HARCOURT
Year of Publication 1990
300 ## - PAGE DESCRIPTION
No. of Pages 640
942 ## - ADDED ENTRY ELEMENTS (KOHA)
Source of classification or shelving scheme Dewey Decimal Classification
Koha item type Books
Holdings
Withdrawn status Lost status Source of classification or shelving scheme Damaged status Not for loan Collection code Home library Current library Shelving location Date acquired Vendor Name SGTU Total Checkouts Full call number Accession No. (Barcode) Date last seen Bill Date Koha item type
    Dewey Decimal Classification     MEDICAL SGT Medical Library SGT Medical Library Reference Book 31/01/2018 ABC SGTU   617.51 S90G FM9826 31/01/2018 31/01/2018 Books